000 00420 a2200157 4500
999 _c2990
_d2990
020 _a9781841137940
050 _aK3240 FLE 2008
100 _aFletcher, George P.
245 _aTort liability for human rights abuses /
_cGeorge P. Fletcher
264 _aOxford
_bHART Publishing
_c2008
300 _a214p.;
500 _aHuman rights abuses
650 _aRights.
650 _aTort law.
942 _2lcc
_cBK
_h3240
_iFLE
_kK